| 000 | 00966nam a2200253 c 4500 | ||
|---|---|---|---|
| 999 |
_c61315 _d61315 |
||
| 003 | BLK | ||
| 005 | 20220608105752.0 | ||
| 008 | 180408b bul|||||r ||||||| ||bul|| | ||
| 010 | _aKNG00065516000 | ||
| 040 | _aBLK | ||
| 041 |
_aDEU _cDEU |
||
| 080 |
_aОбщи енциклопедии. Енциклопедични речници. Научни справочници. Отраслови енциклопедии и справочници се класират в съответните отдели с определител за форма _b03 _z03 |
||
| 139 |
_aMeyers Kleines Lexikon _bМ 64 |
||
| 245 | 1 | 0 |
_aMeyers Kleines Lexikon _bIn 3 Bd. _nBd. 3 _pPallen - Z |
| 260 |
_aLeipzig _bBibliogr. Inst. _c1967 - |
||
| 300 | _c24 см | ||
| 380 | _a0 | ||
| 650 | 7 |
_9154961 _aЕнциклопедии |
|
| 760 | 1 |
_dLeipzig, 1968 _h906 с., 24 см _tBd. 3 Pallen - Z |
|
| 852 | _aЦб 41501 | ||
| 856 | 4 | _qpdf | |
| 856 | 4 | _qpdf | |
| 942 |
_cKNG _n0 _s1 |
||
| 944 |
_aCR _c13.06.2004 _kКети_Илиева |
||
| 944 |
_aED _c28.08.2004 |
||
| 944 |
_aED _c2022-06-08 _kХристина Везирева |
||
| 999 | _d61315 | ||
| 999 | _d61315 | ||
| 999 | _d61315 | ||